000 00990nam a22003377a 4500
001 BR9902385
003 BR-BrBNA
005 20230928100340.0
007 ta
008 230509b bl.||||| |||| 00| 0 por d
040 _aBR-BrBNA
_bpor
_cBiblioteca Nacional de Agricultura
041 _a(Por)
072 _aF01
_b1930
090 _ 1930 BR9902385
100 1 _aPeixoto, A.M.
100 1 _aMoura, J.C. de
100 1 _aFaria, V.P. de(eds.)
110 1 _aFundacao de Estudos Agrarios Luiz de Queiroz, Piracicaba, SP (Brasil)
245 1 _aManejo do capim elefante
_bEdicao revisada dos Anais do 10. Simposio sobre Manejo de Pastagem
260 3 _aPiracicaba, SP (Brasil):
_c1994.
300 _a329 p.
500 _aSeveral bibliography; 53 tables; 10 illus.
650 _aCapim Elefante
650 _aPratica Cultural
650 _aAdubacao
650 _aVariedade
650 _aPastejo
650 _aEnsilagem
909 _a202309
_bLucia
_c55
_dLucia Elande
942 _cBK
999 _c61017
_d61017